000 00551nam a22001817a 4500
005 20231017124926.0
010 _aENG-137772
020 _a9789352618309
_c175.00
035 _aEN-121303
037 _bDBAD
082 _a646.726
_22017
100 _aTaneja Bharti
_957885
245 _aSkin so beautyfully yours/
_cBharti Taneja
260 _c2017
_aNew Delhi
_bDiamond pocket book (P) LTD.
270 _aX-30 ,Okhla Industrial Area phase -2 New Delhi 110020
300 _a152p.
_c22cm(Pbk)
942 _2ddc
_cEN
_h646.726
_mTAN
999 _c196990
_d196990